000 00485nam a2200133Ia 4500
008 100328s9999 xx 000 0 und d
082 _b3917
100 _aवरेरकर भार्गवराम विठ्ठल
245 _aदेवदास आणि बिंदूचे बाळ
260 _b---
630 _aदेवदास आणि बिंदूचे बाळ
730 _aदेवदास आणि बिंदूचे बाळ
942 _cBOOK
999 _c500022
_d500019